Thesis Open Access
Serawit Elias
<?xml version='1.0' encoding='UTF-8'?>
<record xmlns="http://www.loc.gov/MARC21/slim">
<leader>00000nam##2200000uu#4500</leader>
<controlfield tag="005">20241120132902.0</controlfield>
<controlfield tag="001">3816</controlfield>
<datafield tag="856" ind1="4" ind2=" ">
<subfield code="s">1535971</subfield>
<subfield code="z">md5:5ae6cfeba0d35ae50279db0582831925</subfield>
<subfield code="u">https://zenodo.org/record/3816/files/f1046998480_Final_Compiled_Body_of_Work_in_Field_Epidemiology.pdf</subfield>
</datafield>
<datafield tag="542" ind1=" " ind2=" ">
<subfield code="l">open</subfield>
</datafield>
<datafield tag="260" ind1=" " ind2=" ">
<subfield code="c">2017-06-01</subfield>
</datafield>
<datafield tag="909" ind1="C" ind2="O">
<subfield code="p">user-aau</subfield>
<subfield code="p">user-zenodo</subfield>
<subfield code="o">oai:zenodo.org:3816</subfield>
</datafield>
<datafield tag="100" ind1=" " ind2=" ">
<subfield code="a">Serawit Elias</subfield>
</datafield>
<datafield tag="245" ind1=" " ind2=" ">
<subfield code="a">Compiled Body of Works in Field Epidemiology</subfield>
</datafield>
<datafield tag="980" ind1=" " ind2=" ">
<subfield code="a">user-aau</subfield>
</datafield>
<datafield tag="980" ind1=" " ind2=" ">
<subfield code="a">user-zenodo</subfield>
</datafield>
<datafield tag="540" ind1=" " ind2=" ">
<subfield code="u">http://www.opendefinition.org/licenses/cc-by</subfield>
<subfield code="a">Creative Commons Attribution</subfield>
</datafield>
<datafield tag="650" ind1="1" ind2="7">
<subfield code="a">cc-by</subfield>
<subfield code="2">opendefinition.org</subfield>
</datafield>
<datafield tag="520" ind1=" " ind2=" ">
<subfield code="a"><p>Background: Scabies is an allergic response to an infestation of the skin by the scabies mite.<br>
Lymphadenopathy, acute post-streptococcal glomerulonephritis and rheumatic fever are<br>
complications related with scabies due to secondary bacterial infection. World health<br>
organization listed the problem as one of the neglected tropical diseases. Regional health bureau<br>
was notified about the outbreak on September 24/2016. Investigation and control activities were<br>
started on October 13/2016.The aim of the investigation was to identify source, control the<br>
outbreak and assess risk factors associated with it.<br>
Methods: We employed descriptive followed by unmatched case-control study design in a ratio<br>
of 1:2. Patients were recruited from temporary treatment sites. Controls were recruited from the<br>
nearby community by house to house visit and ensuring no scabies patient in the family.<br>
Additionally, line listing of cases was done to carry out descriptive analysis. Structured<br>
questionnaire was used to collect data.<br>
Result:<br>
Descriptive: The outbreak started in March and ended in October 2016. We line listed 1958<br>
(males 1092 and females 866) patients with scabies. One thousand two hundred eighty eight<br>
(65%) were less than 15 years of age. Age ranged from 2 month to 84 years with median age of<br>
12years. Overall attack rate was 4%. The outbreak affected 15 kebeles (Lowest government<br>
structure) from the total of 84</p></subfield>
</datafield>
<datafield tag="773" ind1=" " ind2=" ">
<subfield code="n">doi</subfield>
<subfield code="i">isVersionOf</subfield>
<subfield code="a">10.20372/nadre:3815</subfield>
</datafield>
<datafield tag="024" ind1=" " ind2=" ">
<subfield code="a">10.20372/nadre:3816</subfield>
<subfield code="2">doi</subfield>
</datafield>
<datafield tag="980" ind1=" " ind2=" ">
<subfield code="a">publication</subfield>
<subfield code="b">thesis</subfield>
</datafield>
</record>
| All versions | This version | |
|---|---|---|
| Views | 0 | 0 |
| Downloads | 0 | 0 |
| Data volume | 0 Bytes | 0 Bytes |
| Unique views | 0 | 0 |
| Unique downloads | 0 | 0 |